| 000 | 00608nam a2200193Ia 4500 | ||
|---|---|---|---|
| 003 | GCL | ||
| 008 | 140319s9999 xx 000 0 ara d | ||
| 040 |
_aGCL / _cGCL |
||
| 082 | 0 | 4 |
_a212.6 _bم أ |
| 100 | 1 | _aمحمد عمارة | |
| 245 | 1 | 0 |
_aالاسلام وحقوق الانسان : ضرورات لا حقوق (عالم المعرفة89) / _cمحمد عمارة |
| 300 | _a224 ص | ||
| 490 |
_aعالم المعرفة _v0 |
||
| 650 | 0 | 4 | _aالاسلام |
| 650 | 0 | 4 | _aالاسلام والمجتمع |
| 650 | 0 | 4 | _aحقوق الانسان |
| 650 | 0 | 4 | _aالحقوق المدنية |
| 942 |
_2ddc _cBK |
||
| 999 |
_c51510 _d51510 |
||